000 00889nam a2200277 i 4500
001 179913
003 ES-MaACL
005 20230927164644.0
008 120223s1999 sp a |||| | spa d
020 _a84-931194-0-7
080 _a326(64)"18"
100 1 _aEnnaji, Mohammed.
_9149442
245 1 0 _aSoldados, sirvientes y concubinas
_b: la esclavitud en Marruecos en el siglo XIX /
_cMohammed Ennaji ; introducción de Ernest Gellner.
250 _a1ª ed.
260 _aGranada :
_bAlmed,
_c1999.
300 _a216 p. :
_bil. ;
_c22 cm.
490 1 _aMagreb
500 _aGlosario.
504 _aReferencias bibliográficas.
650 7 _aEsclavitud-
_zMarruecos.
_9149443
700 1 _aGellner, Ernest.
_956272
830 0 _aMagreb
_9224560
852 _aES-MaACL
_jA-11992
_9186817
_bR.146943
_cDEPO1
_dOlim: N-4997
942 _2udc
_cMONOGRAFIA
999 _c179913
_d179913